Alimentação infantil o marketing da industria de alimentos: Brasil, 1960-1988 /

Guardat en:
Dades bibliogràfiques
Autor principal: Schmidt Passos de Amorim, Suely Teresinha
Format: Text
Matèries:
Etiquetes: Afegir etiqueta
Sense etiquetes, Sigues el primer a etiquetar aquest registre!

MARC

LEADER 00000 a a2200000 04500
001 8318
003
040
100 |a Schmidt Passos de Amorim, Suely Teresinha  
245 |a Alimentação infantil o marketing da industria de alimentos:   |b Brasil, 1960-1988 /  |c Suely Teresinha Schmidt Passos de Amorim 
650 |a ALIMENTACION  
650 |a NUTRICION  
650 |a MEDICINA  
650 |a PUBLICIDAD  
650 |a INVESTIGACIONES SOBRE NUTRICION  
650 |a BRASIL  
773 |g volumen 22, número 42; páginas 95-111  
999 |c 40079  |d 40079